000 00691nam a2200181Ia 4500
008 100917s9999 xx 000 0 und d
082 _b31684
100 _aमंगळवेढेकर राजा
245 _aप्रियदर्शी राजा (शोध भारताचा)
260 _bअनिरूध्द साहित्य
_c1977
300 _a78
365 _b5
520 _aबालविभाग
630 _aप्रियदर्शी राजा (शोध भारताचा)
650 _aबालविभाग
730 _aप्रियदर्शी राजा (शोध भारताचा)
942 _cBOOK
999 _c637078
_d637075